Sborník přednášek z konference o automatizaci a elektrifikaci dolů v OKR.

Uložené v:
Podrobná bibliografia
Médium: Kniha
Jazyk:Czech
Vydané: Praha : Československá vědeckotechnická společnost, 1963.
Vydanie:1. vyd.
ISBN: (brož.)
Fyzický popis: 224 s.
Tagy: Pridať tag
Žiadne tagy, Buďte prvý kto otaguje tento záznam!

MARC

LEADER 00000nam a2200000 a 4500
001 000154079
005 20090906143035.0
008 040101s1963 xr e cze d
020 |a (brož.) 
040 |a SVKKK  |b slo  |c SVKKK  |e AACR2 
041 0 |a cze 
044 |a xr  |c CZ 
245 0 0 |a Sborník přednášek z konference o automatizaci a elektrifikaci dolů v OKR. 
250 |a 1. vyd. 
260 |a Praha :  |b Československá vědeckotechnická společnost,  |c 1963. 
300 |a 224 s. 
910 |a svkkk 
998 |a BK 
090 |g SCKHL  |k Sklad Pribinova 2. posch.  |a II.127980  |j 319849  |i 154079-10  |s Absenčne